000 00974nam a2200265 i 4500
005 20230919155117.0
008 180418s2013 xxua 000 0 eng
020 _a9781285893006
_q(paperback)
040 _cCSPC
082 0 _a658
_bD853f
100 _aDubrin, Andrew J.,
_eauthor.
245 0 0 _aFundamentals of management /
_cAndrew J. Dubrin.
250 _bPhilippine edition
264 _aSingapore :
_bCengage Learning,
_c2013.
300 _axvi, 443 pages :
_billustrations ;
_c25 cm.
336 _2rdacontent
_atext
_btxt
337 _2rdamedia
_aunmediated
_bn
338 _2rdacarrier
_avolume
_bnc
505 _aIntroduction to management -- Planning -- Organizing -- Leading -- Controlling.
650 1 0 _aManagement.
650 1 0 _aIndustrial management.
940 _a123
942 _cBK
_2ddc
_h658 D853f
_kCIR
_m2013
_n0
999 _c3435
_d3435